Anar al contingut

Анатомия человека : атлас : в 3 т. Т. 1. Остеология, артросиндесмология, миология учебное наглядное пособие

Атлас анатомии человека в трех томах содержит около 1500 высококачественных цветных изображений в полном соответствии с программой медицинских вузов. Все изображения тщательно размечены и снабжены подписями: анатомические термины даны на латинском, русском и английском языках согласно Международной...

Descripció completa

Guardat en:
Dades bibliogràfiques
Autor principal: Колесников Л.Л
Format: Книга
Matèries:
Accés en línia:https://www.studentlibrary.ru/book/ISBN9785970449257.html
Etiquetes: Afegir etiqueta
Sense etiquetes, Sigues el primer a etiquetar aquest registre!
LEADER 03268nam a2200289 4500
001 book/ISBN9785970449257
005 20250903142001.0
010 |a 978-5-9704-4925-7 
100 |a 20181211c2018 u y0rusy50 ca 
101 | |a rus 
102 |a RU 
105 |a ||||||||000yy 
200 1 |a Анатомия человека : атлас : в 3 т. Т. 1. Остеология, артросиндесмология, миология  |e учебное наглядное пособие  |f Колесников Л.Л. 
210 1 |a Москва  |c ГЭОТАР-Медиа  |d 2018 
215 |a 480 c. 
330 |a Атлас анатомии человека в трех томах содержит около 1500 высококачественных цветных изображений в полном соответствии с программой медицинских вузов. Все изображения тщательно размечены и снабжены подписями: анатомические термины даны на латинском, русском и английском языках согласно Международной анатомической номенклатуре (2003). Использована удобная рубрикация, в конце атласа приведен указатель анатомических терминов, что позволяет быстро найти нужную информацию. Карманный формат атласа удобен для ежедневного изучения анатомии. Уникальная концепция издания сформирована на основе иллюстрированного учебника "Анатомия человека" под редакцией академика РАН Л.Л. Колесникова и обширного опыта подготовки анатомических атласов издательством "ГЭОТАР-Медиа". В данном атласе полностью переработан иллюстративный материал, добавлены новые изображения, схемы, материалы по рентгеноанатомии. Первый том атласа посвящен анатомии опорно-двигательного аппарата (остеология, артросиндесмология, миология). Издание предназначено студентам медицинских вузов, а также будет интересно аспирантам, преподавателям и практическим врачам. 
610 0 |a Остеопатия 
610 0 |a Патологическая анатомия 
610 0 |a Анатомия человека 
610 0 |a Медицинская реабилитация 
610 0 |a Основы реабилитации 
610 0 |a Травматология и ортопедия 
610 0 |a Клиническая медицина 
700 1 |a Колесников  |b Л.Л. 
801 0 |a RU  |b Geotar  |c 20181211  |g RCR  |2 rusmarc 
801 1 |a RU  |b Geotar  |c 20181211 
856 4 |u https://www.studentlibrary.ru/book/ISBN9785970449257.html 
Cannot write session to /tmp/vufind_sessions/sess_pcocvjiba0mjkpjr06glkpefhm